Now you see it : simple visualization techniques for quantitative analysis (Record no. 487664)

000 -LEADER
fixed length control field 00542 a2200193 4500
003 - CONTROL NUMBER IDENTIFIER
control field NUST
020 ## - INTERNATIONAL STANDARD BOOK NUMBER
International Standard Book Number 9780970601988
038 ## - RECORD CONTENT LICENSOR
Staff Name Nusrat Nadeem
040 ## - CATALOGING SOURCE
Original cataloging agency RCMS
082 ## - DEWEY DECIMAL CLASSIFICATION NUMBER
Classification number 001.4226
100 ## - MAIN ENTRY--PERSONAL NAME
Personal name Few, Stephen
9 (RLIN) 52082
245 ## - TITLE STATEMENT
Title Now you see it : simple visualization techniques for quantitative analysis
Statement of responsibility, etc. Stephen Few
260 ## - PUBLICATION, DISTRIBUTION, ETC.
Place of publication, distribution, etc. California
Name of publisher, distributor, etc. Analytic Press
Date of publication, distribution, etc. 2009
300 ## - PHYSICAL DESCRIPTION
Extent 327 p.
563 ## - BINDING INFORMATION
Binding note Hard Binding
650 ## - SUBJECT ADDED ENTRY--TOPICAL TERM
Topical term or geographic name entry element Information visualization--Statistics
9 (RLIN) 52083
700 ## - ADDED ENTRY--PERSONAL NAME
Personal name Stephen Few
9 (RLIN) 52084
942 ## - ADDED ENTRY ELEMENTS (KOHA)
Koha item type Book
Source of classification or shelving scheme
Holdings
Withdrawn status Lost status Source of classification or shelving scheme Damaged status Not for loan Permanent Location Current Location Date acquired Total Checkouts Full call number Barcode Date last seen Date last checked out Price effective from Koha item type
          School of Interdisciplinary Engineering and Sciences (SINES) School of Interdisciplinary Engineering and Sciences (SINES) 04/19/2021 1 001.4226 RCMS003117 07/29/2022 04/19/2021 04/19/2021 Book
© 2023 Central Library, National University of Sciences and Technology. All Rights Reserved.